Elementarnaja matematika s točki zrenija vysšej. Tom 2. Geometrija : Perevod s nemec /
Uložené v:
| Hlavný autor: | |
|---|---|
| Médium: | Kniha |
| Vydavateľské údaje: |
Moskva :
Nauka,
1987
|
| Tagy: |
Žiadne tagy, Buďte prvý, kto otaguje tento záznam!
|
MARC
| LEADER | 00000nam a22000003a 4500 | ||
|---|---|---|---|
| 001 | stu15886 | ||
| 005 | 20150617225757.7 | ||
| 008 | ------s1987----xxr---------------------d | ||
| 040 | |a STU |b slo | ||
| 041 | 0 | ||
| 044 | |a xxr | ||
| 080 | |a 51 |7 stu_us_auth*stu8333 | ||
| 100 | 1 | |a Klein, Felix |4 aut | |
| 245 | 1 | |a Elementarnaja matematika s točki zrenija vysšej. Tom 2. Geometrija : |b Perevod s nemec / |c [aut.]Klein,Felix | |
| 260 | |a Moskva : |b Nauka, |c 1987 | ||
| 300 | |a 416 s | ||
| 996 | |b C81394 |c C*81394 |l CCV |s P |a 0 |w stu15886_0001 | ||